Výtvarná kultura v Brně 1918-1938 : [katalog výstavy] : Moravská galerie v Brně, Pražákův palác, Brno, listopad 1993 - únor 1994 /

Další autoři: Sedlářová, Jitka, 1942-
Jazyk: Čeština
Angličtina
Vydáno: Brno : Moravská galerie, 1993
Témata:
Externí odkaz: Digitalizovaný dokument
Fyzický popis: 200 s., [29] s. barev. obr. příl. : il. ; 21 cm
Language note: Anglické resumé
Knihy
Uloženo v:
LEADER 01709nam a2200361 a 4500
001 000014894
003 CZ BrMZK
005 20240610124108.0
007 ta
008 931208s1993 xr af f c 000 m cze d
015 |a cnb000083647 
020 |a 80-7027-025-X  |c 100.00 
035 |a (OCoLC)39577879 
040 |a BOA001  |b cze 
041 0 |a cze  |a eng  |b eng 
080 |a 72/76(437.222)"1918/1938"(064)  |2 MRF 
245 0 0 |a Výtvarná kultura v Brně 1918-1938 :  |b [katalog výstavy] : Moravská galerie v Brně, Pražákův palác, Brno, listopad 1993 - únor 1994 /  |c odborná redakce Jitka Sedlářová 
260 |a Brno :  |b Moravská galerie,  |c 1993 
300 |a 200 s., [29] s. barev. obr. příl. :  |b il. ;  |c 21 cm 
500 |a Úvod též anglicky 
546 |a Anglické resumé 
500 |a Dostupné též v digitální podobě v aplikaci Kramerius 
653 0 |a Brno (Česko)  |a výtvarná kultura  |a výtvarné umění 
700 1 |a Sedlářová, Jitka,  |d 1942-  |7 jk01110577  |4 edt 
856 4 1 |u http://www.digitalniknihovna.cz/mzk/uuid/uuid:59d8de70-287e-11ef-856d-5ef3fc9bb22f  |y Digitalizovaný dokument  |x NDK 
910 |a BOA001  |b 2-0994.677  |b PK-0121.615 
920 |a 000024313 
964 |a Brno - umění výtvarné - r.1918-1938 - výstavy - r.1993-1994 - katalogy 
964 |a Umění výtvarné - Brno - r.1918-1938 - výstavy - r.1993-1994 - katalogy 
990 |a BK 
996 6 |b 2610003921  |c 2-0994.677  |l MZK  |r Sklad / do 1 hodiny  |n 21  |p p.v.  |w 000014894  |u 000010  |a 1  |e BOA001  |j MZK50  |s P 
996 6 |b 2610004434  |c 2-0994.677  |l MZK  |r HSS 4p  |n 0  |p kup  |h 73/77 VÝT  |w 000014894  |u 000020  |a 0  |e BOA001  |j MZK50  |s P 
996 7 |b 3119997582  |c PK-0121.615  |l MZK  |r Sklad / do 1 hodiny  |n 60  |w 000014894  |u 000030  |a 1  |e BOA001  |j MZK50  |s A